Guess the 1960s song lyrics #52 - Statistics

General Stats
  • This quiz has been taken 26 times
  • The average score is 35 of 56
Answer Stats
Answer % Correct
a
96%
a
96%
and
96%
the
96%
the
96%
the
96%
you
96%
You
96%
I'm
88%
I'm
88%
in
88%
your
88%
me
83%
you're
79%
dream
75%
to
75%
to
75%
My
71%
of
71%
than
71%
going
63%
going
63%
way
63%
mile
58%
Moon
58%
Moon
58%
Oh
58%
river
58%
river
58%
style
58%
We're
58%
wider
58%
crossing
54%
see
54%
see
54%
someday
50%
There's
50%
Wherever
50%
world
50%
world
50%
end
46%
friend
46%
huckleberry
46%
maker
46%
off
46%
same
46%
Two
46%
bend
42%
drifters
42%
heartbreaker
42%
lot
42%
round
42%
such
42%
after
38%
rainbow's
33%
Waiting
29%
No matching quizzes found
Score Distribution
Percent of People with Each Score
Percentile by Number Answered
Your Score History
You have not taken this quiz